| 000 | 00693nam a2200265 a 4500 | ||
|---|---|---|---|
| 003 | AR-BaBNM | ||
| 005 | 20251128205702.0 | ||
| 008 | 082120s2002 ||||||||||||||000 | spa|| | ||
| 020 | _a950-556-181-4 | ||
| 040 | _cAR-BaBNM | ||
| 100 | 1 | _aJofre Barroso, Haydée M. | |
| 245 | 0 | 0 |
_aLos escritores latinoamericanos _bbiógrafos del continente |
| 260 |
_aBuenos Aires _bGalerna _c1986 |
||
| 300 | _a202 p. | ||
| 650 | 4 | _aLITERATURA LATINOAMERICANA | |
| 650 | 4 | _aCRITICA LITERARIA | |
| 650 | 4 | _aENTREVISTAS | |
| 650 | 4 | _aLITERATURA CONTEMPORANEA | |
| 650 | 4 | _aESCRITORES | |
| 650 | 4 | _aBIOGRAFIAS | |
| 650 | 4 | _aANTOLOGIAS | |
| 655 | _aLITERATURA | ||
| 942 | _cBK | ||
| 998 | _cMARTIN | ||
| 999 |
_c12399 _d12399 |
||